El arte de amar: una investigación sobre la naturaleza del amor
Αποθηκεύτηκε σε:
| Κύριος συγγραφέας: | |
|---|---|
| Μορφή: | Βιβλίο |
| Γλώσσα: | Ισπανικά |
| Έκδοση: |
Buenos Aires
Paidos
1970
|
| Σειρά: | Biblioteca del Hombre Contemporáneo, 10
|
| Θέματα: | |
| Ετικέτες: |
Προσθήκη ετικέτας
Δεν υπάρχουν, Καταχωρήστε ετικέτα πρώτοι!
|
MARC
| LEADER | 00000cam a2200000 a 4500 | ||
|---|---|---|---|
| 001 | UCW6872 | ||
| 003 | CL-VaPUC | ||
| 008 | 920616e19700000AG |||||||||||||||||spa|d | ||
| 082 | 0 | 4 | |a 152.4 |b FRO |2 21 |
| 100 | 0 | |a Fromm, Erich |e author |9 311948 | |
| 245 | 1 | 3 | |a El arte de amar: una investigación sobre la naturaleza del amor |
| 300 | |a 155 p | ||
| 942 | |c BK | ||
| 945 | |d 19920616 00:00:00 | ||
| 260 | |a Buenos Aires |b Paidos |c 1970 | ||
| 650 | 0 | |a Amor |9 257817 | |
| 650 | 0 | |a Teología |9 258766 | |
| 650 | 0 | |a Amor maternal |9 311949 | |
| 583 | |a last modification |c 20180621 15:01:52 |k Rodrigo Vera | ||
| 490 | 0 | |a Biblioteca del Hombre Contemporáneo, 10 | |
| 999 | |c 219783 |d 219781 | ||
| 952 | |0 0 |1 0 |4 0 |6 152_400000000000000_FRO_1970 |7 0 |8 P |9 211112 |a BIBEDU |b BIBEDU |c BIBEDU_PB |d 2019-11-15 |i 2793768 |o 152.4 FRO 1970 |p 2793768 |r 2024-01-25 |w 2019-11-15 |y BK |k EDU | ||
| 952 | |0 0 |1 0 |4 0 |6 152_400000000000000_FRO_1970 |7 0 |8 P |9 211113 |a BIBEDU |b BIBEDU |c BIBEDU_PB |d 2019-11-15 |i 2793784 |o 152.4 FRO 1970 |p 2793784 |r 2024-01-25 |w 2019-11-15 |y BK |k EDU | ||
| 952 | |0 0 |1 0 |4 0 |6 152_400000000000000_FRO_1970 |7 0 |8 A |9 211114 |a BIBTEO |b BIBTEO |d 2019-11-15 |i 2793806 |o 152.4 FRO 1970 |p 2793806 |r 2025-01-17 |w 2019-11-15 |y BK |k ICR | ||
| 952 | |0 0 |1 0 |4 0 |6 152_400000000000000_FRO_1970 |7 0 |8 P |9 211115 |a BIBEDU |b BIBEDU |d 2019-11-15 |i 1538470 |o 152.4 FRO 1970 |p 1538470 |r 2024-01-25 |w 2019-11-15 |y BK |k EDU | ||
| 952 | |0 0 |1 0 |4 0 |6 152_400000000000000_FRO_1970 |7 0 |8 P |9 211116 |a BIBEDU |b BIBEDU |c BIBEDU_PB |d 2019-11-15 |i 1538489 |o 152.4 FRO 1970 |p 1538489 |r 2024-01-25 |w 2019-11-15 |y BK |k EDU | ||
| 952 | |0 0 |1 0 |4 0 |6 152_400000000000000_FRO_1970 |7 0 |8 P |9 211117 |a BIBEDU |b BIBEDU |c BIBEDU_PB |d 2019-11-15 |i 1538500 |o 152.4 FRO 1970 |p 1538500 |r 2024-01-25 |w 2019-11-15 |y BK |k EDU | ||
| 952 | |0 0 |1 0 |4 0 |6 152_400000000000000_FRO_1970 |7 0 |8 P |9 211119 |a BIBEDU |b BIBEDU |c BIBEDU_PB |d 2019-11-15 |i 4956346 |o 152.4 FRO 1970 |p 4956346 |r 2024-01-25 |w 2019-11-15 |y BK |k FIL | ||